000 00844nam a22002297a 4500
005 20200104041618.0
008 130729b ve ||||| |||| 00| 0 spa d
041 _aspa
044 _ave
082 _a570
_bC787a
110 _91067
_aCorporación para el Desarrollo Sostenible del Archipiélago de San Andrés, Providencia y Santa Catalina - CORALINA
245 _aMódulo del agua
246 _aMódulo curricular del agua
260 _aVenezuela
_bCORALINA
_c[?]
300 _a77 p.
_bil., mapas, talleres
_c28 cm.
500 _aLibro guía para docentes de instituciones educativas de la Reserva de Biosfera Seaflower.
500 _aGrados 6° a 11°, asignaturas Ciencias Naturales, Ciencias Sociales
630 _aRecursos naturales
_992719
630 _aAgua
_9161
630 _aCuidado del agua
_91072
942 _2ddc
_cImpreso
_01
999 _c7480
_d7480